[Event "Sparkassen-Open B"]
[Site "Heusenstamm, Martinsee"]
[Date "2017.11.25"]
[Round "4.36"]
[White "Hansen, Thore"]
[Black "Hahnenstein, Leon"]
[Result "0-1"]
[WhiteElo "1648"]
[BlackElo "1411"]
[PlyCount "82"]
[EventDate "2017.??.??"]
[WhiteTeam "vereinslos"]
[BlackTeam "SC Herborn"]

1. e4 e5 2. Nf3 Nc6 3. Bc4 Bc5 4. d3 Nf6 5. Bg5 h6 6. Bh4 d6 7. Nc3 Bb4 8. O-O
Bxc3 9. bxc3 Na5 10. Bb3 O-O 11. h3 Be6 12. d4 Nxb3 13. cxb3 Re8 14. Re1 Bd7
15. Qd3 Bc8 16. Rad1 Qe7 17. Nd2 b6 18. Re3 Bb7 19. d5 Red8 20. Qe2 c6 21. c4
c5 22. Rg3 Kh8 23. Qe3 Rg8 24. Rf3 g5 25. Bg3 Rg7 26. Bh2 Rag8 27. Nf1 Nh5 28.
Ng3 Nf4 29. Nf5 Qf6 30. Nxg7 Qxg7 31. g4 Bc8 32. Kh1 h5 33. Rg1 f6 34. a4 a5
35. gxh5 Qh6 36. h4 Qxh5 37. hxg5 Rxg5 38. Rfg3 Bg4 39. f3 Qxh2+ 40. Kxh2 Rh5+
41. Rh3 Rxh3# 0-1

[Event "Sparkassen-Open B"]
[Site "Heusenstamm, Martinsee"]
[Date "2017.11.25"]
[Round "4.37"]
[White "Bär, Christian"]
[Black "Bloß, Silvia"]
[Result "1-0"]
[WhiteElo "1573"]
[BlackElo "1390"]
[PlyCount "95"]
[EventDate "2017.??.??"]
[WhiteTeam "SC Steinbach"]
[BlackTeam "Muldental Wilkau-Haßlau"]

1. d4 d5 2. c4 Nf6 3. e3 e6 4. Nf3 c6 5. Nc3 Bd6 6. Bd3 Nbd7 7. O-O O-O 8. a3
b6 9. Bd2 Qc7 10. h3 e5 11. cxd5 cxd5 12. Nb5 Qb8 13. Nxd6 Qxd6 14. dxe5 Nxe5
15. Bb4 Nxf3+ 16. Qxf3 Qd8 17. Bxf8 Qxf8 18. Rac1 Qd6 19. Rc2 Be6 20. Rfc1 Qe5
21. Qe2 Nd7 22. b4 Qg5 23. f4 Qf6 24. Qh5 Nf8 25. Qg5 Qxg5 26. fxg5 g6 27. g4
Kg7 28. Kg2 Nd7 29. Ba6 Ne5 30. Rd1 Nc4 31. Rc3 Rd8 32. Bxc4 Rc8 33. Kf3 Rxc4
34. Rxc4 dxc4 35. Ke4 b5 36. Rd8 c3 37. Kd3 Bc4+ 38. Kxc3 Bf1 39. h4 Bc4 40.
Ra8 Be2 41. Rxa7 Bxg4 42. a4 bxa4 43. Rxa4 h6 44. b5 Bd7 45. Rb4 h5 46. b6 Bc6
47. b7 Bxb7 48. Rxb7 1-0

[Event "Sparkassen-Open B"]
[Site "Heusenstamm, Martinsee"]
[Date "2017.11.25"]
[Round "4.38"]
[White "Tiggemann, Felix"]
[Black "Wöhl, Torsten"]
[Result "1/2-1/2"]
[WhiteElo "1453"]
[BlackElo "1559"]
[PlyCount "59"]
[EventDate "2017.??.??"]
[WhiteTeam "SF Schöneck"]
[BlackTeam "SC Groß-Zimmern"]

1. e4 e6 2. d4 d5 3. e5 c5 4. c3 Nc6 5. Nf3 Bd7 6. Bd3 Nge7 7. O-O Nf5 8. Bc2
cxd4 9. cxd4 Nb4 10. Bxf5 exf5 11. a3 Nc6 12. Qb3 Qb6 13. Qxb6 axb6 14. Nc3 Be6
15. Bg5 h6 16. Be3 Be7 17. Rac1 O-O 18. Rfd1 Na5 19. Na4 Nc4 20. b3 Nxe3 21.
fxe3 b5 22. Nc5 Rxa3 23. Nxe6 fxe6 24. Rc7 Rf7 25. Rxb7 Rxb3 26. Re1 Bh4 27.
Rxf7 Bxe1 28. Re7 Rb1 29. Nxe1 Rxe1+ 30. Kf2 1/2-1/2

[Event "Sparkassen-Open B"]
[Site "Heusenstamm, Martinsee"]
[Date "2017.11.25"]
[Round "4.39"]
[White "Memmeler, Björn"]
[Black "Ramien, Hannah"]
[Result "1/2-1/2"]
[WhiteElo "1556"]
[BlackElo "1369"]
[PlyCount "44"]
[EventDate "2017.??.??"]
[WhiteTeam "SF Mainz"]
[BlackTeam "SG Porz"]

1. Nf3 d5 2. c4 e6 3. cxd5 exd5 4. d4 Nf6 5. Nc3 c5 6. g3 Nc6 7. Bg2 Be7 8. O-O
O-O 9. Nb5 Qb6 10. a4 a6 11. dxc5 Bxc5 12. Na3 Bf5 13. Nc2 Rad8 14. e3 Rd7 15.
Ncd4 Nxd4 16. Nxd4 Be4 17. b3 Rc8 18. Bb2 Qb4 19. Rc1 Rdc7 20. Bc3 Qb6 21. Bb2
a5 22. Nb5 Rc6 1/2-1/2

[Event "Sparkassen-Open B"]
[Site "Heusenstamm, Martinsee"]
[Date "2017.11.25"]
[Round "4.40"]
[White "Schmitz, Bernhard Hubert"]
[Black "Grabs, Peter jr"]
[Result "0-1"]
[WhiteElo "1420"]
[BlackElo "1319"]
[PlyCount "96"]
[EventDate "2017.??.??"]
[WhiteTeam "Vorw.Orient Mainz"]
[BlackTeam "SC Empor Potsdam"]

1. d4 d6 2. c4 Nf6 3. Nc3 e5 4. dxe5 dxe5 5. Qxd8+ Kxd8 6. e4 Nbd7 7. Nf3 c6 8.
a3 h6 9. h3 Bd6 10. Be3 Kc7 11. b4 a5 12. c5 Be7 13. b5 Re8 14. b6+ Kb8 15. Bc4
Bxc5 16. Bxc5 Nxc5 17. Bxf7 Re7 18. Bg6 Ra6 19. Rb1 Nfd7 20. O-O Rxb6 21. Rxb6
Nxb6 22. Rd1 Kc7 23. Ne2 Re6 24. Bf5 Rd6 25. Rxd6 Kxd6 26. Bxc8 Nxc8 27. Ng3
Ne7 28. Nd2 b5 29. f3 Nd7 30. Ne2 g5 31. g3 Ng6 32. Nb3 a4 33. Nbc1 Nb6 34. Nc3
Nc4 35. Nb1 Kc5 36. Kf2 Ne7 37. Nd3+ Kd4 38. Ke2 c5 39. h4 Nc6 40. hxg5 hxg5
41. f4 gxf4 42. gxf4 Nd6 43. fxe5 Nxe5 44. Nxe5 Kxe5 45. Nc3 Kd4 46. Kd2 Nxe4+
47. Nxe4 Kxe4 48. Kc3 Ke3 0-1

[Event "Sparkassen-Open B"]
[Site "Heusenstamm, Martinsee"]
[Date "2017.11.25"]
[Round "4.41"]
[White "Ebeling, Gereon"]
[Black "Boder, Jörg"]
[Result "1-0"]
[WhiteElo "1517"]
[BlackElo "1139"]
[PlyCount "67"]
[EventDate "2017.??.??"]
[WhiteTeam "SK Mainaschaff"]
[BlackTeam "SG Mörsdorf-Lahr"]

1. e4 c5 2. Nf3 Nc6 3. d4 e6 4. Nc3 cxd4 5. Nxd4 g6 6. Bc4 Bg7 7. Ndb5 Be5 8.
Nd6+ Ke7 9. Nxc8+ Rxc8 10. Bd2 Nb4 11. Bd3 Nxd3+ 12. cxd3 Qc7 13. Rc1 Nf6 14.
Nd5+ Nxd5 15. Rxc7 Nxc7 16. Qb3 a6 17. a4 b5 18. Bc3 Bxc3+ 19. Qxc3 f6 20. Qa3+
Kf7 21. O-O e5 22. Rc1 Ne6 23. Rd1 Nd4 24. Qd6 Rhd8 25. Qxa6 Rc6 26. Qa7 Rdc8
27. Qxd7+ Kg8 28. h3 Rc1 29. Rxc1 Rxc1+ 30. Kh2 Rc2 31. axb5 Rxb2 32. Qd8+ Kg7
33. b6 Ne6 34. Qe7+ 1-0

[Event "Sparkassen-Open B"]
[Site "Heusenstamm, Martinsee"]
[Date "2017.11.25"]
[Round "4.42"]
[White "Müller, Maximilian"]
[Black "Moldenhauer, Lennart"]
[Result "1-0"]
[WhiteElo "1362"]
[BlackElo "1502"]
[PlyCount "73"]
[EventDate "2017.??.??"]
[WhiteTeam "SC Eppelborn"]
[BlackTeam "SV Oberursel"]

1. Nf3 d5 2. g3 c5 3. Bg2 g6 4. d4 Bg7 5. c3 Qb6 6. O-O Nc6 7. e3 Nf6 8. Nbd2
O-O 9. Qb3 Qxb3 10. Nxb3 c4 11. Nbd2 Bf5 12. Re1 e6 13. Nh4 Bd3 14. Bf1 Bc2 15.
b3 b5 16. Ba3 Rfb8 17. Bd6 Rd8 18. Bc5 Bf8 19. Bxf8 Rxf8 20. Rac1 Be4 21. f3
Bf5 22. Nxf5 exf5 23. e4 fxe4 24. fxe4 dxe4 25. Nxe4 Nxe4 26. Rxe4 f5 27. Re6
Nd8 28. Re5 cxb3 29. Rxb5 bxa2 30. Bc4+ Kh8 31. Bxa2 Rc8 32. c4 Nc6 33. d5 Nd4
34. Rb2 Rfe8 35. Kf2 Rc5 36. Rd1 Re4 37. Bb1 1-0

[Event "Sparkassen-Open B"]
[Site "Heusenstamm, Martinsee"]
[Date "2017.11.25"]
[Round "4.43"]
[White "Wiese, Frank"]
[Black "Sitta, Stefan"]
[Result "1/2-1/2"]
[WhiteElo "1338"]
[BlackElo "1502"]
[PlyCount "46"]
[EventDate "2017.??.??"]
[WhiteTeam "SF Frankfurt"]
[BlackTeam "Sfr. Stiller Zug"]

1. d4 f5 2. c4 Nf6 3. Nc3 g6 4. g3 Bg7 5. Bg2 O-O 6. e4 fxe4 7. Nxe4 e5 8. d5
Nxe4 9. Bxe4 d6 10. Bg2 Qf6 11. Qf3 Qe7 12. Qe3 Bd7 13. Ne2 b5 14. O-O bxc4 15.
Nc3 Bf5 16. Be4 Nd7 17. Qe2 Nb6 18. Rd1 Qd7 19. Be3 Rac8 20. a4 a5 21. Qc2 Rf7
22. Nb5 Bxe4 23. Qxe4 Bf8 1/2-1/2

[Event "Sparkassen-Open B"]
[Site "Heusenstamm, Martinsee"]
[Date "2017.11.25"]
[Round "4.45"]
[White "Hegmann, Kolja"]
[Black "Gräf, Jakob"]
[Result "1-0"]
[WhiteElo "1300"]
[BlackElo "1476"]
[PlyCount "199"]
[EventDate "2017.??.??"]
[WhiteTeam "TuS Makkabi"]
[BlackTeam "SV Frankfurt Nord"]

1. e4 c6 2. d4 d5 3. e5 e6 4. Nf3 c5 5. c3 Nc6 6. Bb5 a6 7. Bxc6+ bxc6 8. O-O
cxd4 9. cxd4 Ne7 10. Nbd2 Nf5 11. Nb3 Bb4 12. Bd2 a5 13. Qe1 Bxd2 14. Qxd2 O-O
15. Nc5 Qb6 16. a3 Ba6 17. Rfc1 Rfd8 18. b4 Bc4 19. Rcb1 a4 20. g4 Ne7 21. Nh4
Ng6 22. Nxg6 hxg6 23. h4 Re8 24. h5 gxh5 25. gxh5 Qb5 26. h6 g6 27. Qg5 Kh7 28.
Nd7 Rg8 29. Nf6+ Kh8 30. Nxg8 Rxg8 31. Kg2 Bd3 32. Qf6+ Kh7 33. Qxf7+ Kh8 34.
Rh1 Be4+ 35. f3 Qe2+ 36. Kg3 Qe3 37. h7 Qg5+ 38. Kh3 Bf5+ 39. Kh2 Qf4+ 40. Kg2
Bh3+ 41. Rxh3 Qxf7 42. hxg8=Q+ Kxg8 43. Rah1 Qg7 44. Kg3 g5 45. Kg4 Qg6 46. Rh5
Qf5+ 47. Kg3 Qf4+ 48. Kg2 Qd2+ 49. Kh3 Qxd4 50. Rxg5+ Kf7 51. Rhg1 Ke7 52. Rg7+
Kd8 53. Rg8+ Kc7 54. R1g7+ Kb6 55. Rb8+ Ka6 56. Ra8+ Kb6 57. Raa7 c5 58. bxc5+
Kxc5 59. Rgc7+ Kb6 60. Rab7+ Ka6 61. Rb4 Qxe5 62. Rc8 Qh5+ 63. Kg3 Qg5+ 64. Kf2
Ka7 65. Rc7+ Ka6 66. Rxa4+ Kb5 67. Rb4+ Ka6 68. Rc6+ Ka7 69. Rxe6 Qd2+ 70. Re2
Qc1 71. Re7+ Ka8 72. Re8+ Ka7 73. Rbb8 Qd2+ 74. Kg3 Qg5+ 75. Kh3 Qf5+ 76. Kg2
Qg5+ 77. Kf1 Qc1+ 78. Ke2 Qc2+ 79. Ke3 Qc5+ 80. Kf4 Qd4+ 81. Kf5 Qd3+ 82. Ke5
Qxf3 83. Rbd8 Kb6 84. Re6+ Kc5 85. Rc8+ Kb5 86. Rd6 Qe4+ 87. Kf6 Qf4+ 88. Ke7
Qg5+ 89. Kd7 Qg7+ 90. Kd8 Qf8+ 91. Kc7 Qe7+ 92. Rd7 Qe5+ 93. Kb7 d4 94. Rcd8
Kc5 95. Rxd4 Qe7+ 96. R8d7 Qf8 97. a4 Qd8 98. R7d5+ Qxd5+ 99. Rxd5+ Kxd5 100.
a5 1-0

[Event "Sparkassen-Open B"]
[Site "Heusenstamm, Martinsee"]
[Date "2017.11.25"]
[Round "4.47"]
[White "Jung, Kenny"]
[Black "Samy A S, Anthoni"]
[Result "1-0"]
[WhiteElo "1465"]
[BlackElo "1098"]
[PlyCount "113"]
[EventDate "2017.??.??"]
[WhiteTeam "SF Schöneck"]
[BlackTeam "SF Friedberg"]

1. e4 e5 2. Nf3 Nc6 3. Bb5 d6 4. Bxc6+ bxc6 5. Nc3 Bg4 6. h3 Bh5 7. d3 h6 8. b3
Qf6 9. g4 Bg6 10. Qe2 Qd8 11. Bd2 Be7 12. O-O-O Bf6 13. Rdg1 Ne7 14. h4 Ng8 15.
Nd1 d5 16. exd5 cxd5 17. Nxe5 Qe7 18. f4 Bxe5 19. fxe5 d4 20. Qf3 Rd8 21. Re1
Qe6 22. Nb2 Ne7 23. Nc4 Nc6 24. Reg1 O-O 25. h5 Bh7 26. g5 g6 27. gxh6 Nxe5 28.
Qe4 Rd5 29. Bf4 Nxc4 30. Qxe6 fxe6 31. bxc4 Ra5 32. hxg6 Rxf4 33. gxh7+ Kxh7
34. Rg7+ Kh8 35. h7 Rf1+ 36. Rxf1 Kxg7 37. Rh1 Kh8 38. Kb2 Rg5 39. Kb3 Rg2 40.
Rh6 Re2 41. Rh4 e5 42. Re4 Re3 43. Kb4 Kxh7 44. Kc5 Rxe4 45. dxe4 Kg6 46. Kc6
Kf6 47. Kxc7 Ke6 48. a4 a5 49. Kc6 Ke7 50. Kd5 Kd7 51. Kxe5 Kc6 52. Kxd4 Kd6
53. c5+ Kc6 54. e5 Kd7 55. Kc4 Ke6 56. c6 Kxe5 57. c7 1-0

[Event "Sparkassen-Open B"]
[Site "Heusenstamm, Martinsee"]
[Date "2017.11.25"]
[Round "4.48"]
[White "Spill, Werner"]
[Black "Tobias, Christian"]
[Result "1-0"]
[WhiteElo "1372"]
[BlackElo "1457"]
[PlyCount "49"]
[EventDate "2017.??.??"]
[WhiteTeam "SC Königsspringer Alzenau"]
[BlackTeam "SV Oberursel"]

1. b3 e5 2. Bb2 Nc6 3. e3 Bc5 4. Bb5 a6 5. Bxc6 bxc6 6. Bxe5 Nf6 7. Bb2 O-O 8.
Ne2 Bb6 9. O-O d5 10. Ng3 d4 11. Qf3 Bb7 12. Nf5 g6 13. Nxd4 c5 14. Qxb7 cxd4
15. Qf3 c5 16. Na3 Re8 17. Nc4 Ba7 18. exd4 cxd4 19. Rae1 Re6 20. Rxe6 fxe6 21.
Re1 Nd5 22. Rxe6 Qd7 23. Rd6 Qe7 24. Qxd5+ Kf8 25. Re6 1-0

[Event "Sparkassen-Open B"]
[Site "Heusenstamm, Martinsee"]
[Date "2017.11.25"]
[Round "4.49"]
[White "Herdt, Werner"]
[Black "Krieger, Roy"]
[Result "1-0"]
[WhiteElo "1425"]
[BlackElo "1293"]
[PlyCount "65"]
[EventDate "2017.??.??"]
[WhiteTeam "SF Heusenstamm"]
[BlackTeam "Muldental Wilkau-Haßlau"]

1. d4 d5 2. c4 Nf6 3. Nc3 e6 4. Nf3 Be7 5. e3 O-O 6. Bd3 c6 7. a3 Nbd7 8. O-O
Qc7 9. c5 Re8 10. Re1 e5 11. e4 exd4 12. Nxd4 Nxc5 13. e5 Nfe4 14. Nf3 Nxd3 15.
Qxd3 Nc5 16. Qc2 Bg4 17. Nd4 Ne6 18. Nxe6 Bxe6 19. Bf4 d4 20. Ne4 Rad8 21. Rad1
Qb6 22. Bg5 Bb3 23. Qd3 Bxd1 24. Rxd1 Rd5 25. Bf6 g6 26. Bxe7 Rxe5 27. Nf6+ Kg7
28. Nxe8+ Kg8 29. Bf6 Rxe8 30. Bxd4 Qa5 31. Bc3 Qb5 32. Qd4 Qh5 33. Qg7# 1-0

[Event "Sparkassen-Open B"]
[Site "Heusenstamm, Martinsee"]
[Date "2017.11.25"]
[Round "4.50"]
[White "Löhr, Frederic"]
[Black "Espig, Nils"]
[Result "1-0"]
[WhiteElo "1127"]
[BlackElo "1409"]
[PlyCount "111"]
[EventDate "2017.??.??"]
[WhiteTeam "SF Ötzingen"]
[BlackTeam "USV TU Dresden"]

1. f4 Nc6 2. Nf3 d5 3. d4 Nf6 4. e3 Bf5 5. Be2 e6 6. O-O Bd6 7. a3 O-O 8. Nc3
Ne7 9. Ne5 Bxe5 10. fxe5 Ne4 11. Nxe4 Bxe4 12. Bf3 Bf5 13. Be2 Rc8 14. b4 b6
15. Bd3 c5 16. Bxf5 Nxf5 17. bxc5 bxc5 18. c3 Rc6 19. Rf3 Qc7 20. Rh3 Rc8 21.
Bd2 Ne7 22. Rg3 Ra6 23. Qf1 Nc6 24. Qxa6 c4 25. Qa4 Na5 26. Qc2 Nb3 27. Rf1 Qa5
28. Bc1 Rb8 29. Bb2 Qb6 30. Rb1 Qc7 31. Rh3 h6 32. Rf3 a5 33. Rbf1 Rf8 34. a4
f5 35. Ba3 Rf7 36. g4 g6 37. gxf5 gxf5 38. Qg2+ Kh7 39. Rh3 Rg7 40. Rg3 Rf7 41.
Rg8 Rg7 42. Rxg7+ Qxg7 43. Qxg7+ Kxg7 44. Rf2 Kf7 45. Rf3 Nd2 46. Rh3 Kg7 47.
Rg3+ Kf7 48. Rg2 Ne4 49. Bb4 axb4 50. cxb4 Nc3 51. a5 Nb5 52. a6 c3 53. Ra2 Ke8
54. a7 Nxa7 55. Rxa7 c2 56. Rc7 1-0

[Event "Sparkassen-Open B"]
[Site "Heusenstamm, Martinsee"]
[Date "2017.11.25"]
[Round "4.51"]
[White "Papadopoulos, Leon"]
[Black "Landvoigt, Martin"]
[Result "0-1"]
[WhiteElo "1085"]
[BlackElo "1310"]
[PlyCount "104"]
[EventDate "2017.??.??"]
[WhiteTeam "SV Oberursel"]
[BlackTeam "SF Friedberg"]

1. e4 c5 2. Nf3 Nc6 3. d3 e6 4. Be3 Nf6 5. Nc3 a6 6. Qd2 d6 7. Be2 Be7 8. O-O-O
b5 9. d4 c4 10. d5 Nb4 11. dxe6 Bxe6 12. Nd5 Nbxd5 13. exd5 Nxd5 14. Ng5 Nxe3
15. Nxe6 fxe6 16. Qxe3 Bg5 17. f4 Be7 18. Bf3 Rc8 19. Rhe1 e5 20. fxe5 Bg5 21.
exd6+ Bxe3+ 22. Rxe3+ Kf8 23. Rf1 Qf6 24. Be2 Qxf1+ 25. Bxf1 Rd8 26. Rf3+ Ke8
27. Rf4 Rf8 28. g3 Rxf4 29. gxf4 Rxd6 30. b3 cxb3 31. cxb3 Rf6 32. a4 bxa4 33.
bxa4 Rxf4 34. Bxa6 Kd8 35. Bd3 h6 36. a5 Kc7 37. Kd2 Ra4 38. a6 Kb6 39. h3 Rh4
40. Bf1 Rf4 41. Ke1 g5 42. Be2 Rh4 43. Bg4 h5 44. Bc8 Rc4 45. Bb7 Rc3 46. Kf2
Rxh3 47. Bc8 Ra3 48. Bb7 g4 49. Kg2 h4 50. Kf2 h3 51. Kf1 g3 52. Kg1 Ra1# 0-1

[Event "Sparkassen-Open B"]
[Site "Heusenstamm, Martinsee"]
[Date "2017.11.25"]
[Round "4.52"]
[White "Pessotschinski, Eduard"]
[Black "Solovej, Philip"]
[Result "1-0"]
[WhiteElo "1297"]
[BlackElo "1190"]
[PlyCount "53"]
[EventDate "2017.??.??"]
[WhiteTeam "TuS Makkabi"]
[BlackTeam "SK Gründau"]

1. e4 e5 2. Nf3 Nc6 3. d4 exd4 4. Nxd4 Nxd4 5. Qxd4 d6 6. Bc4 Qf6 7. Be3 c5 8.
Bb5+ Bd7 9. Bxd7+ Kxd7 10. Qa4+ Kc7 11. Nc3 Qg6 12. Nd5+ Kd8 13. O-O Ne7 14.
Qa5+ b6 15. Nxb6 Nc6 16. Qa4 Rb8 17. Qxc6 axb6 18. Rfd1 Qf6 19. c3 Be7 20. Rd5
h6 21. e5 Qe6 22. exd6 Bf8 23. Qc7+ Ke8 24. Qxb8+ Kd7 25. Qc7+ Ke8 26. d7+ Qxd7
27. Qxd7# 1-0

[Event "Sparkassen-Open B"]
[Site "Heusenstamm, Martinsee"]
[Date "2017.11.25"]
[Round "4.53"]
[White "Häfner, Günther"]
[Black "Gräf, Britta"]
[Result "1-0"]
[WhiteElo "1238"]
[BlackElo "950"]
[PlyCount "87"]
[EventDate "2017.??.??"]
[WhiteTeam "Berkershm"]
[BlackTeam "SV Frankfurt Nord"]

1. e4 Nf6 2. e5 Nd5 3. Nf3 g6 4. Bc4 c6 5. O-O Bg7 6. Re1 e6 7. d4 O-O 8. Nc3
b5 9. Bb3 Na6 10. Nxd5 cxd5 11. c3 b4 12. c4 Nc7 13. Bg5 f6 14. Bf4 a5 15. a4
Ba6 16. Rc1 Rc8 17. Qd2 Ne8 18. cxd5 exd5 19. Bxd5+ Kh8 20. Bh6 Qe7 21. b3 d6
22. e6 Nc7 23. Bxg7+ Kxg7 24. Bc4 Bb7 25. d5 Ne8 26. Re4 f5 27. Rh4 Kg8 28. Qh6
Qg7 29. Re1 Rc7 30. Ng5 Nf6 31. Qxg7+ Rxg7 32. e7 Bc8 33. exf8=Q+ Kxf8 34. Ne6+
Bxe6 35. Rxe6 Rf7 36. f4 Ne4 37. Rh3 Nc5 38. Rxd6 Re7 39. Rd8+ Kg7 40. d6 Re1+
41. Kf2 Rb1 42. Rc8 Nb7 43. Rc7+ Kf6 44. Rf7# 1-0

[Event "Sparkassen-Open B"]
[Site "Heusenstamm, Martinsee"]
[Date "2017.11.25"]
[Round "4.54"]
[White "Weyerer, Noah"]
[Black "Englert, Lin"]
[Result "1-0"]
[WhiteElo "1154"]
[BlackElo "1227"]
[PlyCount "59"]
[EventDate "2017.??.??"]
[WhiteTeam "SV Oberursel"]
[BlackTeam "TV-Großostheim"]

1. d4 d5 2. Bf4 Nf6 3. Nf3 e6 4. e3 c5 5. c3 Nc6 6. Nbd2 Bd6 7. Bg3 O-O 8. Qc2
b6 9. Bd3 Bb7 10. Bh4 g6 11. Bg3 c4 12. Be2 Qc7 13. Bh4 Qe7 14. O-O Qd8 15. Bg3
b5 16. Rfe1 Re8 17. e4 e5 18. dxe5 Nxe5 19. Nxe5 Bxe5 20. Bxe5 Rxe5 21. exd5
Qxd5 22. Bf3 Rxe1+ 23. Rxe1 Qd7 24. Ne4 Nxe4 25. Bxe4 Bxe4 26. Qxe4 Re8 27.
Qxe8+ Qxe8 28. Rxe8+ Kg7 29. Ra8 Kh6 30. Rxa7 1-0

[Event "Sparkassen-Open B"]
[Site "Heusenstamm, Martinsee"]
[Date "2017.11.25"]
[Round "5.2"]
[White "Draxler, Gottfried"]
[Black "Ringeltaube, Denny"]
[Result "0-1"]
[WhiteElo "1781"]
[BlackElo "1746"]
[PlyCount "76"]
[EventDate "2017.??.??"]
[WhiteTeam "SF Neuberg"]
[BlackTeam "Klub Kölner SF"]

1. c4 Nf6 2. g3 g6 3. Bg2 Bg7 4. e3 d6 5. Ne2 c5 6. Nbc3 O-O 7. O-O Nc6 8. a3
Be6 9. d3 Qc8 10. Nf4 Bd7 11. Rb1 h6 12. Ncd5 Nxd5 13. cxd5 Nb8 14. b3 g5 15.
Ne2 Bh3 16. Bb2 Bxg2 17. Kxg2 Nd7 18. Bxg7 Kxg7 19. Qd2 e5 20. e4 f5 21. f3 Nf6
22. h3 Kh7 23. g4 fxe4 24. fxe4 Ng8 25. Ng3 Ne7 26. Rxf8 Qxf8 27. Rf1 Qg8 28.
Qf2 Ng6 29. Qf7+ Qxf7 30. Rxf7+ Kg8 31. Rd7 Nf4+ 32. Kh2 Nxd3 33. Rxd6 c4 34.
bxc4 Rc8 35. Rxh6 Rxc4 36. Rg6+ Kf7 37. Rxg5 Rc2+ 38. Kh1 Nf2+ 0-1

[Event "Sparkassen-Open B"]
[Site "Heusenstamm, Martinsee"]
[Date "2017.11.25"]
[Round "5.3"]
[White "Zerhusen, Martin"]
[Black "Edel, Fenja"]
[Result "1/2-1/2"]
[WhiteElo "1751"]
[BlackElo "1694"]
[PlyCount "52"]
[EventDate "2017.??.??"]
[WhiteTeam "SV Oberursel"]
[BlackTeam "SV Springe"]

1. d4 d5 2. c4 e6 3. Nc3 Nf6 4. a3 c6 5. e3 Bd6 6. Nf3 O-O 7. Bd3 Re8 8. O-O e5
9. dxe5 Bxe5 10. cxd5 Bxc3 11. bxc3 Qxd5 12. Qc2 Bg4 13. Be2 Bf5 14. Qb2 Qd7
15. Rd1 Qc7 16. c4 Nbd7 17. Bd2 Ne4 18. Bb4 c5 19. Bc3 Nxc3 20. Qxc3 Nf6 21.
Qb3 b6 22. Rac1 Rad8 23. Rxd8 Rxd8 24. Rd1 Rxd1+ 25. Qxd1 Qd7 26. Qxd7 Bxd7
1/2-1/2

[Event "Sparkassen-Open B"]
[Site "Heusenstamm, Martinsee"]
[Date "2017.11.25"]
[Round "5.4"]
[White "Bach, Oliver"]
[Black "Schwarz, Matthias"]
[Result "1/2-1/2"]
[WhiteElo "1599"]
[BlackElo "1767"]
[PlyCount "41"]
[EventDate "2017.??.??"]
[WhiteTeam "Frankfurter TV"]
[BlackTeam "SG Idstein"]

1. d4 Nf6 2. c4 e6 3. Nc3 Bb4 4. Bd2 c5 5. e3 d5 6. Nf3 O-O 7. cxd5 Nxd5 8.
Nxd5 Bxd2+ 9. Qxd2 Qxd5 10. dxc5 Qxc5 11. Rc1 Qe7 12. Bb5 Rd8 13. Qc3 Na6 14.
O-O b6 15. Bc6 Bb7 16. Bxb7 Qxb7 17. b4 Rac8 18. Qb3 Nc7 19. h3 h6 20. Nd4 Nd5
21. b5 1/2-1/2

[Event "Sparkassen-Open B"]
[Site "Heusenstamm, Martinsee"]
[Date "2017.11.25"]
[Round "5.5"]
[White "Merges, Harald"]
[Black "Peteani, Damien"]
[Result "1-0"]
[WhiteElo "1773"]
[BlackElo "1687"]
[PlyCount "99"]
[EventDate "2017.??.??"]
[WhiteTeam "SG Reil-Kinheim"]
[BlackTeam "SV Groß-Gerau"]

1. e4 e6 2. d4 d5 3. e5 c5 4. c3 Nc6 5. Nf3 Bd7 6. a3 a5 7. b3 cxd4 8. cxd4 Rc8
9. Bb2 Be7 10. Bd3 Nh6 11. Nc3 Nf5 12. Bxf5 exf5 13. Nxd5 Be6 14. Nc3 Bd5 15.
Nxd5 Qxd5 16. O-O g5 17. Qd3 Qe4 18. Qxe4 fxe4 19. Ne1 f6 20. Rc1 O-O 21. Nc2
Rfd8 22. Ne3 Nxd4 23. Bxd4 Rxc1 24. Rxc1 Rxd4 25. Nf5 fxe5 26. Nxe7+ Kf7 27.
Nf5 Rd3 28. Rb1 Ke6 29. Ne3 b5 30. Kf1 h5 31. Ke2 g4 32. f3 gxf3+ 33. gxf3 Rd4
34. fxe4 Rxe4 35. Rc1 Kd6 36. Rd1+ Ke6 37. Kd3 Rd4+ 38. Kc3 b4+ 39. axb4 axb4+
40. Kc2 Rh4 41. Rd2 e4 42. Ng2 Rg4 43. Ne3 Rg5 44. Rd4 Rc5+ 45. Kd2 Ke5 46.
Rxb4 Kf4 47. Ke2 Ra5 48. Ra4 Rb5 49. b4 h4 50. Ra5 1-0

[Event "Sparkassen-Open B"]
[Site "Heusenstamm, Martinsee"]
[Date "2017.11.25"]
[Round "5.6"]
[White "Haftmann, Rainer"]
[Black "Westhof, Benedikt"]
[Result "1/2-1/2"]
[WhiteElo "1768"]
[BlackElo "1681"]
[PlyCount "88"]
[EventDate "2017.??.??"]
[WhiteTeam "SG Dietzenbach"]
[BlackTeam "SC Heusenstamm"]

1. e4 e5 2. Nf3 Nf6 3. Nc3 Nc6 4. Bb5 Bb4 5. d3 d6 6. h3 h6 7. O-O O-O 8. Bd2
a6 9. Ba4 b5 10. Bb3 Na5 11. Nd5 Bxd2 12. Nxf6+ Qxf6 13. Qxd2 Nxb3 14. axb3 Qg6
15. Kh2 Qh5 16. Ng1 Qg5 17. f4 exf4 18. Qxf4 Qxf4+ 19. Rxf4 Bb7 20. b4 c5 21.
bxc5 dxc5 22. b3 Rac8 23. Ne2 c4 24. bxc4 bxc4 25. d4 g5 26. Rg4 f5 27. exf5
Rxf5 28. Kg1 Rcf8 29. Nc3 Rf4 30. Rxf4 Rxf4 31. Ne2 Re4 32. Kf2 Kf7 33. c3 Re6
34. Ra5 Bxg2 35. d5 Re5 36. Rxa6 Bxd5 37. Rxh6 Kg7 38. Rd6 Be6 39. Rd4 Rd5 40.
Rxd5 Bxd5 41. Kg3 Kg6 42. Nd4 Kh5 43. Nf5 Be4 44. Ne3 Bd3 1/2-1/2

[Event "Sparkassen-Open B"]
[Site "Heusenstamm, Martinsee"]
[Date "2017.11.25"]
[Round "5.7"]
[White "Gade, Bernt"]
[Black "Bunjaku, Lulzim"]
[Result "0-1"]
[WhiteElo "1666"]
[BlackElo "1756"]
[PlyCount "68"]
[EventDate "2017.??.??"]
[WhiteTeam "Berkershm"]
[BlackTeam "SC Heusenstamm"]

1. e4 c5 2. Nf3 Nc6 3. d4 cxd4 4. Nxd4 e5 5. Nb5 d6 6. N5c3 a6 7. Na3 b5 8. Nd5
Nf6 9. Bg5 Be7 10. Nxe7 Nxe7 11. f3 Ng6 12. Be3 O-O 13. Be2 Be6 14. O-O Nh5 15.
c4 b4 16. Nc2 a5 17. b3 Nhf4 18. Kh1 f5 19. a3 Nxe2 20. Qxe2 Rb8 21. axb4 axb4
22. Qd2 fxe4 23. fxe4 Rxf1+ 24. Rxf1 h6 25. Ra1 Qh4 26. Qxd6 Re8 27. Qxb4 Qxe4
28. Qd2 Nh4 29. Rf1 Rb8 30. Rf2 Rxb3 31. h3 Bxh3 32. Kh2 Bxg2 33. Rxg2 Nf3+ 34.
Kh1 Nxd2 0-1

[Event "Sparkassen-Open B"]
[Site "Heusenstamm, Martinsee"]
[Date "2017.11.25"]
[Round "5.8"]
[White "Sikorra, Philipp"]
[Black "Weber, Detlef"]
[Result "1-0"]
[WhiteElo "1755"]
[BlackElo "1633"]
[PlyCount "79"]
[EventDate "2017.??.??"]
[WhiteTeam "SC Ladja Roßdorf"]
[BlackTeam "SC Höxter"]

1. e4 e5 2. f4 exf4 3. Nf3 d6 4. d4 Bg4 5. Bc4 Be7 6. Bxf4 Qd7 7. O-O Nc6 8.
Nc3 O-O-O 9. Nd5 Bf6 10. c3 Nge7 11. Nxf6 gxf6 12. Bxf7 Ng6 13. Bxg6 hxg6 14.
Qa4 d5 15. Rae1 dxe4 16. Rxe4 Qf5 17. Nd2 Qd7 18. b4 g5 19. Bg3 f5 20. Rxg4
fxg4 21. b5 Nxd4 22. Qxd4 Qxd4+ 23. cxd4 Rd5 24. Rf7 Rxb5 25. Rxc7+ Kd8 26. Nb3
Re8 27. Rc2 b6 28. Kf2 Rf5+ 29. Kg1 Re7 30. Rd2 Rd7 31. Rf2 Rfd5 32. Kf1 a5 33.
a4 Ke7 34. Re2+ Kf7 35. Re5 Kf6 36. Re3 Kg6 37. Re6+ Kf5 38. Rxb6 Ke4 39. Re6+
Kd3 40. Nc5+ 1-0

[Event "Sparkassen-Open B"]
[Site "Heusenstamm, Martinsee"]
[Date "2017.11.25"]
[Round "5.9"]
[White "Hänselmann, Hendrik"]
[Black "Becker, Ralph"]
[Result "1/2-1/2"]
[WhiteElo "1597"]
[BlackElo "1753"]
[PlyCount "53"]
[EventDate "2017.??.??"]
[WhiteTeam "Karlsruher SF"]
[BlackTeam "SC Paimar"]

1. e4 c5 2. Nf3 d6 3. d4 cxd4 4. Nxd4 Nf6 5. Nc3 g6 6. Be2 Bg7 7. O-O O-O 8.
Nb3 Nc6 9. Bg5 a6 10. Re1 b5 11. a4 b4 12. Nd5 Nxe4 13. Bc1 Nf6 14. Bf3 Bd7 15.
Nxe7+ Nxe7 16. Bxa8 Be6 17. Bf3 Qc7 18. Bf4 Nfd5 19. Bc1 Rc8 20. Be4 Qb6 21.
Ra2 Nf6 22. Bf3 Nf5 23. Be3 Nxe3 24. Rxe3 Nd7 25. Bd5 Bf5 26. Be4 Be6 27. a5
1/2-1/2